| Tag |
First Indicator |
Second Indicator |
Subfields |
| LEADER |
00000cam a22000001 4500 |
| 001 |
in00003999021 |
| 005 |
20191021080815.0 |
| 008 |
740322s1953 caua b 000 0 eng |
| 010 |
|
|
|a 53010129
|
| 035 |
|
|
|a (OCoLC)ocm00838712
|
| 035 |
|
|
|a (OCoLC)838712
|
| 040 |
|
|
|a DLC
|b eng
|c DLM
|d DLC
|d BTCTA
|d OCLCG
|d SJL
|d OCLCQ
|d OCLCF
|d SP1
|d CGAVW
|d TXA
|d UtOrBLW
|
| 049 |
|
|
|a TXAM
|
| 050 |
0 |
0 |
|a CT275.B5594
|b H3
|
| 050 |
1 |
4 |
|a R921
|
| 082 |
0 |
|
|a 923.973
|
| 090 |
|
|
|a CT275.B5594
|b H36 1953
|
| 100 |
1 |
|
|a Harrison, Benjamin Samuel,
|d 1890-
|
| 245 |
1 |
0 |
|a Fortune favors the brave ;
|b the life and times of Horace Bell, pioneer Californian.
|
| 264 |
|
1 |
|a Los Angeles :
|b W. Ritchie Press,
|c 1953.
|
| 300 |
|
|
|a 307 pages
|b illustrations
|c 25 cm
|
| 336 |
|
|
|a text
|b txt
|2 rdacontent
|
| 337 |
|
|
|a unmediated
|b n
|2 rdamedia
|
| 338 |
|
|
|a volume
|b nc
|2 rdacarrier
|
| 504 |
|
|
|a Includes bibliographical references.
|
| 520 |
|
|
|a Bell went to California during the Gold Rush, was an adventurer with filibusters in Nicaragua, and served from Indiana in the Civil War. He returned to California and helped develop Los Angeles, published a newspaper, and wrote memoirs of early California. His Reminiscences of a ranger, or early times in southern California (1881) is on the Zamorano 80, no. 5.
|
| 505 |
0 |
|
|a O Pioneers! -- Soldier of fortune -- Champion of freedom -- Wanderlust -- Confined to quarters -- Saddle and spurs -- Mosaic glimpses -- The Fretful Porcupine -- The law leaf
|
| 580 |
|
|
|a The Cushing Library/Lowman/Book Design copy forms part of the Book Design Section of the Al Lowman Printing Arts Collection and Research Archive.
|
| 586 |
|
|
|a Western Books Exhibit 1954.
|
| 600 |
1 |
0 |
|a Bell, Horace,
|d 1830-1918.
|0 http://id.loc.gov/authorities/names/n83328277
|
| 600 |
1 |
7 |
|a Bell, Horace,
|d 1830-1918.
|2 fast
|0 (OCoLC)fst00124796
|
| 773 |
0 |
|
|t Al Lowman Printing Arts Collection and Research Archive.
|
| 776 |
0 |
8 |
|i Online version:
|a Harrison, Benjamin Samuel, 1890-
|t Fortune favors the brave.
|d Los Angeles, W. Ritchie Press, 1953
|w (OCoLC)613228307
|
| 938 |
|
|
|a Baker and Taylor
|b BTCP
|n 53010129
|
| 948 |
|
|
|a cataloged
|b h
|c 2019/8/15
|d c
|e ljohnson
|f 12:59:57 pm
|
| 994 |
|
|
|a C0
|b TXA
|
| 999 |
f |
f |
|s 367b7f93-5922-31a0-a2a7-02ad3593c663
|i 3237b296-ac1d-3573-8528-389d2ea2c6c7
|t 0
|
| 952 |
f |
f |
|p noncirc
|a Texas A&M University
|b College Station
|c Cushing Memorial Library & Archives
|d Cushing: Lowman (Does not check out)
|t 0
|e CT275.B5594 H36 1953
|h Library of Congress classification
|i unmediated -- volume
|m A14852116467
|
| 998 |
f |
f |
|a CT275.B5594 H36 1953
|t 0
|l Cushing: Lowman (Does not check out)
|